| Tag |
First Indicator |
Second Indicator |
Subfields |
| LEADER |
00000cam a2200000Ma 4500 |
| 001 |
in00002005113 |
| 005 |
20190207100826.0 |
| 008 |
961122s1996 txua c 000 0 eng d |
| 035 |
|
|
|a (OCoLC)ocm39165604
|
| 040 |
|
|
|a CUT
|c CUT
|d OCLCQ
|d TXA
|d UtOrBLW
|
| 043 |
|
|
|a n-us-tx
|
| 049 |
|
|
|a TXAM
|
| 050 |
|
4 |
|a ND230.T4
|b P65 1996
|
| 245 |
0 |
2 |
|a A point of view :
|b Texas women painters, 1900-1960.
|
| 246 |
3 |
0 |
|a Texas women painters, 1900-1960
|
| 264 |
|
1 |
|a El Paso, Tex. :
|b El Paso Museum of Art,
|c [1996]
|
| 300 |
|
|
|a 8 unnumbered pages :
|b color illustrations ;
|c 23 cm.
|
| 336 |
|
|
|a text
|b txt
|2 rdacontent
|
| 337 |
|
|
|a unmediated
|b n
|2 rdamedia
|
| 338 |
|
|
|a volume
|b nc
|2 rdacarrier
|
| 500 |
|
|
|a The Cushing Library/Chapman Texas Collection copy is part of the Floyd & Louise Chapman Texas & Borderlands Collection.
|5 TXA
|
| 500 |
|
|
|a Catalog of an exhibition held at the El Paso Museum of Art, Jan. 18-Mar. 30, 1996.
|
| 500 |
|
|
|a Essay by Paul Rogers Harris.
|
| 536 |
|
|
|a Cushing Library Texas copy donated by Bill Cheek.
|
| 650 |
|
0 |
|a Painting, American
|z Texas
|v Exhibitions.
|
| 650 |
|
0 |
|a Painting, American
|y 20th century
|z Texas
|v Exhibitions.
|
| 650 |
|
0 |
|a Women painters
|z Texas
|v Exhibitions.
|
| 700 |
1 |
|
|a Harris, Paul Rogers.
|
| 710 |
2 |
|
|a El Paso Museum of Art.
|
| 994 |
|
|
|a E0
|b TXA
|
| 948 |
|
|
|a cataloged
|b h
|c 2004/10/29
|d c
|e mzajicek
|f 8:38:35 am
|
| 999 |
|
|
|a MARS
|
| 999 |
f |
f |
|s fb3c568f-be48-3076-a27c-e4c8b59ed8c6
|i 39b25277-6348-31db-9f29-8b54c8a58db3
|t 0
|
| 952 |
f |
f |
|p noncirc
|a Texas A&M University
|b College Station
|c Cushing Memorial Library & Archives
|d Cushing: Chapman Texas Collection (Does not check out)
|t 0
|e ND230.T4 P65 1996
|f Vertical File
|h Library of Congress classification
|i unmediated -- volume
|
| 998 |
f |
f |
|a ND230.T4 P65 1996
|t 0
|l Cushing: Chapman Texas Collection (Does not check out)
|